| 000 | 00348nam a2200133Ia 4500 | ||
|---|---|---|---|
| 008 | 240624s9999 xx 000 0 und d | ||
| 041 | _aeng | ||
| 082 | _a020 DEV | ||
| 100 | _aDEVERAJAN G | ||
| 245 | _aLIBRARY AND INFORMATION STUDIES IN THE D | ||
| 260 |
_c2006 _aNew Delhi _bEss Ess Publications |
||
| 300 | _a280 : p. : cm. ; 21 | ||
| 365 |
_cRS _b20 |
||
| 999 |
_c8403 _d8403 |
||